Des progrés de la révolution et de la guerre contre l'Eglise / (Record no. 156724)

MARC details
000 -LEADER
campo de control de longitud fija 00868nam a22002295i 4500
001 - NÚMERO DE CONTROL
campo de control 156724
003 - IDENTIFICADOR DE NÚMERO DE CONTROL
campo de control ES-MaACL
005 - FECHA Y HORA DE LA ÚLTIMA TRANSACCIÓN
campo de control 20251017063108.0
008 - DATOS DE LONGITUD FIJA--INFORMACIÓN GENERAL
campo de control de longitud fija 040805s1829 fr |||| | fre d
040 ## - FUENTE DE CATALOGACIÓN
Centro catalogador/agencia de origen CAM
Lengua de catalogación spa
Centro/agencia transcriptor CAM
100 1# - ENTRADA PRINCIPAL--NOMBRE DE PERSONA
Nombre de persona La Mennais, Felicité Robert de,
Títulos y otros términos asociados al nombre Abbé
9 (RLIN) 128519
245 10 - MENCIÓN DEL TÍTULO
Título Des progrés de la révolution et de la guerre contre l'Eglise /
Mención de responsabilidad, etc. par l'Abbé F. de La Mennais.
250 ## - MENCION DE EDICION
Mención de edición 2e éd.
260 ## - PUBLICACIÓN, DISTRIBUCIÓN, ETC.
Lugar de publicación, distribución, etc. Paris ;
-- et à Bruxelles :
Nombre del editor, distribuidor, etc. Librairie Classique-Elémentaire et Catholique de Belin-Mandar et Devaux,
Fecha de publicación, distribución, etc. 1829 (
Fabricante Imprimerie de J. Gratiot)
300 ## - DESCRIPCIÓN FÍSICA
Extensión XV, 389, [2] p. ;
Dimensiones 21 cm.
596 ## - NOTA AL PIE DE IMPRENTA
NOTA AL PIE DE IMPRENTA Mención de impr. en vº antep.
597 ## - NOTA DE DESCRIPCIÓN FÍSICA
NOTA DE DESCRIPCIÓN FÍSICA Notas a pie de p.
650 07 - PUNTO DE ACCESO ADICIONAL DE MATERIA--TÉRMINO DE MATERIA
Término de materia o nombre geográfico como elemento de entrada Iglesia y Estado
Fuente del encabezamiento o término embne
9 (RLIN) 13554
752 ## - ENTRADA AGREGADA--NOMBRE JERÁRQUICO DEL LUGAR
País o entidad superior Bélgica -
Jurisdicción política intermedia Bruselas
852 ## - LOCALIZACIÓN
Ubicación ES-MaACL
Número de control de estantería G-12367
Nota libre -- Enc. hol.
Holdings
Estatus retirado Estado de pérdida Estado de daño No para préstamo Colección Biblioteca de origen Biblioteca actual Ubicación en estantería Fecha de adquisición Fuente de adquisición Total de préstamos Signatura topográfica completa Código de barras Visto por última vez Precio de reemplazo Tipo de ítem Koha
        Libros del s. XIX Biblioteca del Ateneo de Madrid Biblioteca del Ateneo de Madrid Sala Pecera Planta 3 17/01/2008     G-12367 1163970 23/02/2023 23/02/2023 Libro impreso antiguo